Short history of american literature (Record no. 10283)

MARC details
000 -LEADER
fixed length control field 00548cam a2200205ua 4500
008 - FIXED-LENGTH DATA ELEMENTS--GENERAL INFORMATION
fixed length control field 190920n ii |||gr||||Z||||||eng
020 ## - INTERNATIONAL STANDARD BOOK NUMBER
International Standard Book Number 9789386392725
040 ## - CATALOGING SOURCE
Transcribing agency MAIN
041 ## - LANGUAGE CODE
-- eng
082 ## - DEWEY DECIMAL CLASSIFICATION NUMBER
Classification number 810
100 ## - MAIN ENTRY--PERSONAL NAME
Personal name Krishna Sen,
Relator term
245 ## - TITLE STATEMENT
Title Short history of american literature
Statement of responsibility, etc. By Krishna Sen and Ashok Sengupta
250 ## - EDITION STATEMENT
Edition statement 1st ed.
260 ## - PUBLICATION, DISTRIBUTION, ETC.
Place of publication, distribution, etc. Hayderabad:
Name of publisher, distributor, etc. Orient blackswan,
Date of publication, distribution, etc. 2017.
300 ## - PHYSICAL DESCRIPTION
Extent 412p.
700 ## - ADDED ENTRY--PERSONAL NAME
Personal name Ashok Sengupta,
Relator term
942 ## - ADDED ENTRY ELEMENTS (KOHA)
Koha item type Books
653 ## - INDEX TERM--UNCONTROLLED
Uncontrolled term American literature in English
Holdings
Withdrawn status Lost status Damaged status Not for loan Home library Current library Shelving location Date acquired Total Checkouts Full call number Barcode Date last seen Date last checked out Copy number Price effective from Koha item type
        Central Library, Naharkatiya College Central Library, Naharkatiya College General Stacks 19/09/2020 1 810american literature | SEN 26910 22/09/2022 09/09/2022 1 19/09/2020 Books

Naharkatiya College © 2020. All rights reserved.

Powered By